01693nam a2200217uu 4500001000800000005001700008007001000025008004100035035001200076040001300088041000800101080000600109100004600115245013000161260003500291520102100326700004701347856006101394502001201455526000801467157101220240129082946.0cr|||||||220516s2020 spa  a1571012 ccomduadb aspa aP10aMontes Sierra, Adrián Elías4auteaut10aActores y poder en los asentamientos informales de Latinoamérica : una aproximación a un estado del arte del 2000 al 2019 aMedellín :bAutor(a),c2020. aRESUMEN : Los asentamientos informales existen desde el siglo XIX en América Latina como una alternativa para las poblaciones más vulnerables. Por ello, han sido una preocupación y objeto de estudio para los gobiernos, los organismos internacionales, las organizaciones sociales y la academia. Sin embargo, son pocos los estudios y análisis que se preguntan por los actores con poder que intervienen en la configuración de esas formas de ocupación del territorio. Este artículo recupera reflexivamente el conocimiento acumulado sobre los asentamientos informales, acercándose a un estado del arte entre el 2000 y el 2019. Identifica las tendencias en los enfoques, las metodologías, los conceptos que utilizan los distintos estudios para el abordaje de la temática. Toma como clave de análisis el abordaje que los distintos estudios hacen sobre los actores con poder y deja planteados algunos de los aportes que puede hacer la Ciencia Política para avanzar en la comprensión del fenómeno.10aGonzález Díaz, Sandra Milena4thseths4 uhttps://bibliotecadigital.udea.edu.co/handle/10495/16721 b132c14 a134